[Event "Moscow Time of the First U13"]
[Site "Moscow"]
[Date "2019.06.18"]
[Round "2"]
[White "Godzhurov, Lidzhi"]
[Black "Perepelyatnikov, Vladislav"]
[Result "1-0"]
[WhiteElo "1736"]
[BlackElo "1350"]
[PlyCount "115"]
[EventDate "2019.06.17"]
[EventType "swiss"]
[EventRounds "9"]
[EventCountry "RUS"]
[SourceTitle "EXT 2021"]
[Source "ChessBase"]
[SourceDate "2020.10.23"]
[SourceVersion "1"]
[SourceVersionDate "2020.10.23"]
[SourceQuality "1"]

1. d4 Nf6 2. c4 e6 3. Nf3 b6 4. g3 Bb7 5. Bg2 Be7 6. 0-0 d6 7. Re1 Nbd7 8. Nc3 Ne4 9. Nxe4 Bxe4 10. Bf1 e5 11. d5 h6 12. Nd2 Bh7 13. e4 a5 14. b3 0-0 15. Bb2 f5 16. f3 f4 17. Bh3 Bg5 18. Kg2 Nc5 19. Ba3 Bg6 20. Bxc5 bxc5 21. Nb1 Be8 22. Nc3 Bd7 23. Be6+ Kh8 24. Bxd7 Qxd7 25. Qd3 h5 26. Rh1 Bh6 27. Rag1 Qe7 28. Kf2 g5 29. g4 h4 30. h3 Rfb8 31. Rb1 Rb6 32. Rhd1 Qd7 33. a3 Rab8 34. Nb5 Kg7 35. Qc3 Ra8 36. Ra1 Qc8 37. Qb2 Rba6 38. Qc3 Kf7 39. Rd2 Ke7 40. Rb2 Bg7 41. Rab1 Kd7 42. Kg1 Bf6 43. b4 cxb4 44. axb4 axb4 45. Rxb4 Qb7 46. Kf1 Rb6 47. Rc1 Qa6 48. Qd3 Be7 49. Rb3 Qa2 50. Kg1 Qa6 51. Ra3 Qb7 52. Rca1 Rba6 53. Kg2 Rxa3 54. Rxa3 Rxa3 55. Qxa3 Kc8 56. Na7+ Kd7 57. Qa4+ c6 58. dxc6+ 1-0

[Event "Moscow Time of the First U13"]
[Site "Moscow"]
[Date "2019.06.17"]
[Round "1"]
[White "Lukshin, Dmitri"]
[Black "Godzhurov, Lidzhi"]
[Result "0-1"]
[WhiteElo "1079"]
[BlackElo "1736"]
[PlyCount "88"]
[EventDate "2019.06.17"]
[EventType "swiss"]
[EventRounds "9"]
[EventCountry "RUS"]
[SourceTitle "EXT 2021"]
[Source "ChessBase"]
[SourceDate "2020.10.23"]
[SourceVersion "1"]
[SourceVersionDate "2020.10.23"]
[SourceQuality "1"]

1. e4 c5 2. c3 Nf6 3. e5 Nd5 4. d4 cxd4 5. Nf3 d6 6. exd6 Qxd6 7. cxd4 e6 8. Nc3 Nc6 9. Bb5 Be7 10. 0-0 0-0 11. Re1 Bf6 12. Qd3 Ndb4 13. Qe4 Nxd4 14. Nxd4 Qxd4 15. Qxd4 Bxd4 16. Re4 e5 17. Ne2 Bf5 18. Rh4 Nc2 19. Rb1 Na3 20. bxa3 Bxb1 21. Nxd4 exd4 22. Rxd4 Rfd8 23. Rxd8+ Rxd8 24. Be3 Rd1+ 25. Bf1 Bd3 26. h3 Rxf1+ 27. Kh2 Ra1 28. Bxa7 Rxa2 29. Bc5 f5 30. Kg3 Kf7 31. Kf4 Rc2 32. Be3 Ke6 33. Bd4 Rc4 34. Ke3 Rxd4 35. Kxd4 Bf1 36. g3 Bxh3 37. Kc5 Bg2 38. Kd4 f4 39. gxf4 h5 40. Ke3 h4 41. f3 h3 42. Kf2 Kf5 43. Kg3 b5 44. Kf2 Kxf4 0-1

[Event "Voronezh op-B 22nd"]
[Site "Voronezh"]
[Date "2018.06.19"]
[Round "8"]
[White "Godzhurov, Lidzhi"]
[Black "Lupolov, Boris"]
[Result "0-1"]
[WhiteElo "1703"]
[BlackElo "1925"]
[PlyCount "44"]
[EventDate "2018.06.12"]
[EventType "swiss"]
[EventRounds "9"]
[EventCountry "RUS"]
[SourceTitle "CBM 185 Extra"]
[Source "ChessBase"]
[SourceDate "2018.07.29"]
[SourceVersion "1"]
[SourceVersionDate "2018.07.29"]
[SourceQuality "1"]

1. Nf3 Nf6 2. d4 e6 3. c4 b6 4. g3 Bb7 5. Bg2 Be7 6. Nc3 0-0 7. 0-0 Ne4 8. Qc2 Nxc3 9. bxc3 f5 10. Rd1 Be4 11. Qb2 d6 12. Nd2 Bxg2 13. Kxg2 Nd7 14. Nb3 Qc8 15. Qc2 c5 16. Ba3 Qa6 17. Qb2 Qxc4 18. dxc5 bxc5 19. Rab1 Rab8 20. Qd2 Qa6 21. Bc1 c4 22. Qe3 e5 0-1